Statystyki dla Kadra Francji na mundial 2022

Kliknij tutaj aby rozwiązać quiz!

Ogólne statystyki

  • Ten quiz został rozwiązany 311 razy
  • Średni wynik to 15 z 26

Statystyki odpowiedzi

PozycjaZawodnik% Poprawnych
NapastnikKylian Mbappe
95%
BramkarzHugo Lloris
93%
NapastnikOlivier Giroud
83%
NapastnikAntoine Griezmann
77%
ObrońcaLucas Hernandez
77%
ObrońcaTheo Hernandez
77%
ObrońcaRaphael Varane
71%
NapastnikOusmane Dembele
69%
PomocnikEduardo Camavinga
68%
PomocnikAdrien Rabiot
65%
ObrońcaBenjamin Pavard
65%
PomocnikAurelien Tchouameni
64%
BramkarzSteve Mandanda
64%
ObrońcaDayot Upamecano
62%
NapastnikKarim Benzema
60%
ObrońcaJules Kounde
59%
NapastnikRandal Kolo Muani
56%
BramkarzAlphonse Areola
55%
NapastnikKingsley Coman
53%
NapastnikMarcus Thuram
48%
ObrońcaIbrahima Konate
46%
PomocnikYoussouf Fofana
32%
ObrońcaAxel Disasi
27%
ObrońcaWilliam Saliba
27%
PomocnikMatteo Guendouzi
25%
PomocnikJordan Veretout
19%

Rozkład punktacji

Percentyl według liczby udzielonych odpowiedzi

Procent ludzi z każdym wynikiem

Twoja historia wyników

Nie rozwiązałeś tego quizu